Die 10 größten US-Airlines - Statistiken

Allgemein
  • Dieses Quiz wurde 55 mal gespielt
  • Das Durchschnittsergebnis liegt bei 6 aus 10
Antwortstatistiken
Passagiere Airline % Korrekt
210.692.000 American Airlines
92%
164.927.000 United Airlines
90%
190.000.000 Delta Air Lines
88%
171.817.000 Southwest Airlines
71%
44.105.000 Spirit Airlines
61%
42.534.000 JetBlue Airways
51%
44.557.000 Alaska Airlines
47%
30.218.000 Frontier Airlines
37%
10.879.000 Hawaiian Airlines
22%
17.143.870 Allegiant Air
16%
Keine übereinstimmenden Quizze gefunden
Verteilung der Resultate
Anzahl Personen mit jedem Resultat
Perzentil nach korrekt beantworteten Fragen
Ihre Resultats-Entwicklung
Sie haben dieses Quiz noch nicht gespielt